000 01390nam0a22003251 4500
001 RU\NLR\BIBL_A\022775929
005 20260409004244.0
021 _aRU
_b77-48805
035 _a(NLR Aleph) 022775929
035 _a(RuMoRGB)007022158
035 _a(RuMoELAR)1969-75-20145724
090 _a13652739
_c13652739
100 _a20260404d1976 u y0rusy50 ca
101 0 _arus
102 _aUA
105 _aa||||||||||||
181 0 _ai
_baxxe
182 0 _an
200 1 _aПути совершенствования управления торговлей
_e[Темат. сборник]
_fКиев. торг.-экон. ин-т, Донецкий ин-т сов. торговли
_g[Ред. коллегия: Г. А. Петропольский (отв. ред.) и др.]
203 _aТекст
_bвизуальный
_cнепосредственный
210 _aДонецк
_cДИСТ
_d1976
215 _a170 с., 1 л. ил.
_cил.
_d19 см
606 _aТорговля СССР - Управление - Сборники
_2RKP
686 _aУ9(2)421.0-21я43
_2rubbk
702 1 _aПетропольский
_bГ. А.
_gГеоргий Анатольевич
_4340
712 0 2 _4570
_aКиевский торгово-экономический институт
_9423972
_3RU\NLR\AUTH\889963864
852 _aNLR
_j77-3/8341
942 _cBOOK
980 _aNB